| 000 | 00571nam a22001577a 4500 | ||
|---|---|---|---|
| 005 | 2012021106306.0 | ||
| 020 |
_a812031798X _c425.00 |
||
| 035 | _aB-41345 | ||
| 037 |
_aDPL _bENG |
||
| 100 |
_aHoneycutt, Jerry _941599 |
||
| 245 |
_aIntroducing Microsoft windows 2000 professinal / _cby Jerry Honeycutt |
||
| 260 |
_aNew Delhi _bPrentice-Hall of India _c2001 |
||
| 300 |
_axvii, 424p. _c22 cms |
||
| 942 |
_2ddc _cEN _h005.43 _mHON |
||
| 999 |
_c62548 _d62548 |
||